000 00957nam a2200241 a 4500
001 BRCA_1430
005 20190320203427.0
008 990706s1998 sp-a---##c---s000-0#spa-d
020 _a8477951586
050 4 _aDK33
_b.Z37 1998
245 1 0 _aLos Zares y los pueblos.
260 _aValencia
_bMuseu d´Etnologia
_c1998
300 _a155 p.
_bil. (algunas a color)
_c24 cm.
440 0 _aEthnos
_v7
_94680
500 _aCatálogo de la exposición realizada en el Museu d´Etnología, Centre Cultural La Beneficència, Diputació de València, 21 mayo - 30 junio, 1998
500 _aIncluye catálogo de objetos
610 2 4 _aMuseo Etnográfico del Estado (Saint Petersburg, Russia)
_vExposiciones
_94681
650 1 4 _aEtnología
_vExposiciones
_zRusia
_94682
650 1 4 _aArte popular
_vExposiciones
_zRusia
_94683
650 1 4 _aObjetos de arte
_vExposiciones
_zRusia
_94684
651 4 _aRusia
_vExposiciones
_xVida social y costumbres
_94685
942 _2lcc
_cB
999 _c1292
_d1292